| 000 | 00695cam a2200241 i 4500 | ||
|---|---|---|---|
| 001 | 16005244 | ||
| 005 | 20180301034306.0 | ||
| 008 | 091202s2010 wau b 000 0 eng | ||
| 010 | _a 2009942555 | ||
| 020 | _a9780984133505 | ||
| 040 |
_aDLC _beng _erda _cDLC |
||
| 041 | _aeng | ||
| 042 | _apcc | ||
| 080 | _a658 BUR | ||
| 100 | 1 | _a58 | |
| 101 | _aFIN | ||
| 245 | 1 | 2 |
_aA path to financial peace of mind / _cDwayne Burnell, MBA. |
| 246 | 3 | 0 | _aFinancial peace of mind |
| 504 | _aIncludes bibliographical references. | ||
| 906 |
_a7 _bcbc _corignew _d2 _eepcn _f20 _gy-gencatlg |
||
| 942 |
_2ddc _cBK |
||
| 999 |
_c43757 _d43757 |
||